| 000 | 00444nam a2200145Ia 4500 | ||
|---|---|---|---|
| 008 | 220214s9999 xx 000 0 und d | ||
| 022 | _a0165-5515 | ||
| 245 | 0 | _aJOURNAL OF INFORMATION SCIENCE | |
| 260 | _bInstitute of Information Science, Amsterdam, The Netherlands | ||
| 310 | _aBM | ||
| 500 | _aEnding Volume & Year: 17, 1991 | ||
| 500 | _aMissing Volume: 8(1-3);12(3-5);13(6) | ||
| 500 | _aStarting Volume & Year: 3, 1980 | ||
| 942 | _cBJ | ||
| 999 |
_c11995 _d11995 |
||